000
00289nam a2200121Ia 4500
008
190216s9999||||xx |||||||||||||| ||und||
100
_a
Martin Ebon
245
0
_a
Svetlana The Story Of Stalin`S Daughter
260
_b
Pearl Pub
_c
1967
300
_a
188p
650
_a
Speeches
942
_c
BK
999
_c
11877
_d
11877